header

Mastering chaos (Record no. 10605)

MARC details
000 -LEADER
fixed length control field 01253nam a2200313 a 4500
100 1# - MAIN ENTRY--AUTHOR NAME
Personal name Morris, Jeremy.
245 10 - TITLE STATEMENT
Title Mastering chaos
260 ## - PUBLICATION, DISTRIBUTION, ETC. (IMPRINT)
Place of publication Bern :
Name of publisher Peter Lang,
Year of publication 2013.
300 ## - PHYSICAL DESCRIPTION
Number of Pages vi, 234 p.
505 0# - FORMATTED CONTENTS NOTE
Formatted contents note pt. I. Contexts -- pt. II. The shorter fiction -- pt. III. The longer fiction.
650 #0 - SUBJECT ADDED ENTRY--TOPICAL TERM
Topical Term Russian fiction
856 40 - ELECTRONIC LOCATION AND ACCESS
Uniform Resource Identifier http://site.ebrary.com/lib/rucke/Doc?id=10690944

No items available.

© 2026 Rongo University
Contact us: librarian | system librarian | Rongo university